Buffalo Chief
Guardado en:
| 主要作者: | |
|---|---|
| 格式: | 圖書 |
| 語言: | Undetermined |
| 出版: |
New York, Estados Unidos
Holiday House
1963
|
| 主題: | |
| 標簽: |
添加標簽
沒有標簽, 成為第一個標記此記錄!
|
MARC
| LEADER | 00000nam a2200000Ia 4500 | ||
|---|---|---|---|
| 008 | 170316s9999 xx 000 0 und d | ||
| 040 | |a cru BVZT | ||
| 090 | |a 810 A-10b | ||
| 100 | |a Annixter, Jane | ||
| 245 | |a Buffalo Chief | ||
| 260 | |a New York, Estados Unidos | ||
| 260 | |b Holiday House | ||
| 260 | |c 1963 | ||
| 300 | |a 144 páginas | ||
| 650 | 0 | |a LITERATURA ESTADOUNIDENSE |9 25 | |
| 650 | 0 | |a NOVELA |9 13 | |
| 650 | 0 | |a EN IDIOMA INGLÉS |9 129 | |
| 999 | |c 20813 |d 20813 | ||
| 942 | |c 15 D |h 810 A-10b |2 z | ||
